Relative rates of growth agriculture and industry (Record no. 1715602)

MARC details
000 -LEADER
fixed length control field 00602nam a22001937a 4500
005 - DATE AND TIME OF LATEST TRANSACTION
control field 20260317164211.0
008 - FIXED-LENGTH DATA ELEMENTS--GENERAL INFORMATION
fixed length control field 260317b |||||||| |||| 00| 0 eng d
037 ## - SOURCE OF ACQUISITION
Terms of availability Textbook
040 ## - CATALOGING SOURCE
Original cataloging agency RTL
Transcribing agency RTL
041 ## - LANGUAGE CODE
Language code of text/sound track or separate title eng
084 ## - COLON CLASSIFICATION NUMBER
Assigning agency RTL
Classification number X9(J):77.2.N6 K7/TD
100 ## - MAIN ENTRY--PERSONAL NAME
Personal name Rudra, Ashok
245 ## - TITLE STATEMENT
Title Relative rates of growth agriculture and industry
260 ## - PUBLICATION, DISTRIBUTION, ETC.
Place of publication, distribution, etc. Bombay
Name of publisher, distributor, etc. University of Bombay
Date of publication, distribution, etc. 1967
300 ## - PHYSICAL DESCRIPTION
Extent ix, 91 p.
Other physical details includes bibliographical references and index
650 ## - SUBJECT ADDED ENTRY--TOPICAL TERM
Topical term or geographic name entry element Economic growth
942 ## - ADDED ENTRY ELEMENTS (KOHA)
Source of classification or shelving scheme Colon Classification (CC)
Koha item type Textbook
Classification part X9(J):77.2.N6, K7/TD
Suppress in OPAC No
Holdings
Withdrawn status Lost status Source of classification or shelving scheme Damaged status Not for loan Home library Current library Date acquired Total Checkouts Full call number Barcode Date last seen Price effective from Koha item type
    Colon Classification (CC)     Ratan Tata Library Ratan Tata Library 2026-03-17   X9(J):77.2.N6,K7/TD RT0044801 2026-03-17 2026-03-17 Textbook
Copyright @ Delhi University Library System